skbl

Dr Suryya Kumar Bhuyan Library Web-OPAC
ডঃ সূৰ্য্য
কুমাৰ ভূঞা পুথিভঁৰাল ৱেব-অ'পেক

All Research Scholars are advised to clear the annual library fees to continue using Library Resources, Remote Access, Plagiarism Test and Library Clearance.

Cotton University Book Fair 2026

Origin and History of the People of India: Their Religion and Institutions / (Record no. 29885)

MARC details
000 -LEADER
fixed length control field 00890nam a2200337Ia 4500
001 - CONTROL NUMBER
control field 29903
005 - DATE AND TIME OF LATEST TRANSACTION
control field 20240114001153.0
007 - PHYSICAL DESCRIPTION FIXED FIELD--GENERAL INFORMATION
fixed length control field ta
008 - FIXED-LENGTH DATA ELEMENTS--GENERAL INFORMATION
fixed length control field 060707s g b000 u 465 u
040 ## - CATALOGING SOURCE
Original cataloging agency Cotton College,Assam
041 ## - LANGUAGE CODE
Language code of text/sound track or separate title 465
082 ## - DEWEY DECIMAL CLASSIFICATION NUMBER
Classification number 294
Item number M 896 Or
100 ## - MAIN ENTRY--PERSONAL NAME
Personal name Muir, J. .
245 #0 - TITLE STATEMENT
Title Origin and History of the People of India: Their Religion and Institutions /
Statement of responsibility, etc. J.Muir.
Medium Textual Documents
250 ## - EDITION STATEMENT
Edition statement 1st ed. /
260 ## - PUBLICATION, DISTRIBUTION, ETC.
Place of publication, distribution, etc. London :
Name of publisher, distributor, etc. Williams & Norgate ,
Date of publication, distribution, etc. Nd.
300 ## - PHYSICAL DESCRIPTION
Extent 5v.;495p. ;
Dimensions 22cm.
440 ## - SERIES STATEMENT/ADDED ENTRY--TITLE
Title Sanskrit Texts ,
490 ## - SERIES STATEMENT
Series statement Sanskrit Texts ,
500 ## - GENERAL NOTE
General note It has 5 Vol.
653 ## - INDEX TERM--UNCONTROLLED
Uncontrolled term Religion-History
653 ## - INDEX TERM--UNCONTROLLED
Uncontrolled term History-Religion-India
653 ## - INDEX TERM--UNCONTROLLED
Uncontrolled term G-Religion
942 ## - ADDED ENTRY ELEMENTS (KOHA)
Source of classification or shelving scheme Dewey Decimal Classification
Koha item type Books
Holdings
Withdrawn status Lost status Damaged status Not for loan Collection Home library Current library Date acquired Coded location qualifier Total checkouts Full call number Barcode Date last seen Copy number Price effective from Koha item type
          Dr. Suryya Kumar Bhuyan Library Dr. Suryya Kumar Bhuyan Library 01/02/2012 00000   294 M 896 Or 397.95 14/01/2024 3 01/02/2012 Books
          Dr. Suryya Kumar Bhuyan Library Dr. Suryya Kumar Bhuyan Library 01/02/2012 00000   294 M 896 Or 396.23 14/01/2024 1 01/02/2012 Books
          Dr. Suryya Kumar Bhuyan Library Dr. Suryya Kumar Bhuyan Library 01/02/2012 00000   294 M 896 Or 397.93 14/01/2024 4 01/02/2012 Books
          Dr. Suryya Kumar Bhuyan Library Dr. Suryya Kumar Bhuyan Library 01/02/2012 00000   294 M 896 Or 397.94 14/01/2024 2 01/02/2012 Books
          Dr. Suryya Kumar Bhuyan Library Dr. Suryya Kumar Bhuyan Library 01/02/2012 00000   294 M 896 Or 397.941 14/01/2024 5 01/02/2012 Books

Designed and Maintained by Team SKBL
©1901-2026

Powered by Koha